[Event "Uralsk-ch Men 2019"]
[Site "Khanty-Mansiysk"]
[Date "2019.03.13"]
[Round "2.5"]
[White "Drygalov, Sergey"]
[Black "Aleksander, Lilov"]
[Result "1-0"]
[WhiteElo "2453"]
[BlackElo "2189"]
[Annotator "TA"]
[PlyCount "75"]
[EventDate "2019.03.12"]
[EventType "swiss"]
[EventCountry "RUS"]
[SourceTitle "playchess.com"]
[Source "ChessBase"]
[SourceQuality "1"]

{[%evp 12,75,26,16,29,27,91,52,81,70,81,77,54,54,69,75,93,52,76,52,50,48,56,56,119,122,192,197,247,252,265,243,237,250,284,276,258,265,251,285,266,241,252,175,202,197,215,199,240,198,222,162,329,307,436,429,470,455,562,547,566,560,1596,1595,29985,29980]} 1. d4 Nf6 2. Nf3 e6 3. c4 b6 4. g3 Bb7 5. Bg2 Bb4+ 6. Bd2 Qe7 7. Nc3 {LiveBook: 90 Games} c5 {E16: Queen's Indian: 4 g3 Bb7 5 Bg2 Bb4+} (7... O-O 8. O-O a5 9. Rc1 d6 10. d5 e5 11. Nh4 Bc8 12. Qc2 Na6 13. Nf5 Bxf5 14. Qxf5 Nc5 15. Bg5 Bxc3 16. Rxc3 {½-½ (30) Ghaem Maghami,E (2551)-Saric,I (2660) Almaty 2016}) 8. dxc5 $146 ({Predecessor:} 8. a3 Bxc3 9. Bxc3 Ne4 10. Rc1 Nxc3 11. Rxc3 O-O 12. O-O d6 13. d5 e5 14. Nd2 {½-½ (41) Dokutchaev,A (2443)-Jouhki,Y (2306) Imatra 1999}) 8... Qxc5 (8... Bxc5 $11 {remains equal.} 9. a3 a5) 9. Rc1 {[%cal Ba1c1,Bc1c3,Bc3d3][%mdl 32]} Nc6 {White is slightly better.} 10. a3 Bxc3 $1 11. Bxc3 Ne4 {[%csl Ge4][%cal Rc5f2]} 12. O-O Nxc3 13. Rxc3 Qe7 14. b4 {[%cal Bb2b4,Bb4b5][%mdl 32]} Rd8 15. Rd3 d6 16. Qd2 O-O 17. Rd1 Rd7 (17... h6 $14) 18. b5 $1 $16 {[%cal Rb5c6]} (18. Rxd6 $2 Rxd6 19. Qxd6 Rd8 $19) 18... Na5 {[#]} (18... Nb8 $16) 19. c5 $1 $18 {[%cal Bc4c5,Bc5d6][%mdl 32]} Nc4 20. Qc3 {Hoping for c6.} (20. cxd6 Qf6 $11) 20... Bxf3 21. Bxf3 {Threatens to win with c6.} Ne5 22. Rxd6 Nxf3+ 23. Qxf3 ({Much less strong is} 23. exf3 $6 Rxd6 24. cxd6 Qd7 $18) 23... Rxd6 24. cxd6 {[%mdl 4096] Endgame KQR-KQR} ({Not} 24. Rxd6 bxc5 25. Rc6 Rd8 $16) 24... Qd7 25. Qc6 Rd8 26. e4 e5 27. Rc1 {White threatens Qxd7 and mate.} g6 {[#]} 28. Rd1 $1 Kg7 29. a4 f6 30. Rd3 Kf7 31. Kg2 Kg7 $2 (31... Qe6 {was worth a try.} 32. Rd5 Rd7) 32. h4 h5 (32... Kf8 $142 33. Qc7 Ke8) 33. Qc7 Kf8 34. Rc3 Kf7 35. Rc6 Ke8 36. a5 bxa5 37. Qxa5 Rb8 38. Rc7 {Precision: White = 67%, Black = 30%.} 1-0

[Event "Uralsk-ch Men 2019"]
[Site "Khanty-Mansiysk"]
[Date "2019.03.13"]
[Round "2.6"]
[White "Evgeni, Polosin"]
[Black "Aleksander, Gutenev"]
[Result "0-1"]
[WhiteElo "2140"]
[BlackElo "2452"]
[Annotator "RC"]
[PlyCount "54"]
[EventDate "2019.03.12"]
[EventType "swiss"]
[EventCountry "RUS"]
[SourceTitle "playchess.com"]
[Source "ChessBase"]
[SourceQuality "1"]
[TimeControl "5400+30"]

1. e4 {[%emt 0:10:24]} c5 {[%emt 0:00:02]} 2. Nf3 {[%emt 0:00:34]} Nc6 {[%emt 0:00:37]} 3. c3 {[%emt 0:01:49]} Nf6 {[%emt 0:00:06]} 4. e5 {[%emt 0:00:37]} Nd5 {[%emt 0:00:07]} 5. d4 {[%emt 0:01:28]} cxd4 {[%emt 0:00:08]} 6. cxd4 {[%emt 0:02:39]} d6 {[%emt 0:00:06]} 7. Be2 {[%emt 0:01:16]} g6 {[%emt 0:06:31]} 8. O-O {[%emt 0:04:06]} Bg7 {[%emt 0:00:30]} 9. Na3 {[%emt 0:00:33]} dxe5 {[%emt 0:06:54]} 10. Nxe5 {[%emt 0:05:31]} Nxe5 {[%emt 0:02:46]} 11. dxe5 {[%emt 0:00:12]} O-O {[%emt 0:00:07]} 12. f4 {[%emt 0:08:24]} Qb6+ {[%emt 0:08:32]} 13. Kh1 {[%emt 0:00:06]} Be6 {[%emt 0:01:07]} 14. Bc4 {[%emt 0:36:04]} Rfd8 {[%emt 0:02:44]} 15. Qe2 {[%emt 0:03:03]} Rac8 {[%emt 0:04:44]} 16. Bb3 {[%emt 0:02:16]} a6 {[%emt 0:04:30]} 17. Bd2 {[%emt 0:02:20]} Qd4 {[%emt 0:07:39]} 18. Ba5 {[%emt 0:04:37]} b6 {[%emt 0:13:26]} 19. Rad1 {[%emt 0:01:08]} Qc5 {[%emt 0:00:21]} 20. Be1 {[%emt 0:00:13]} b5 {[%emt 0:03:05]} 21. h3 {[%emt 0:04:56]} Rd7 {[%emt 0:18:17]} 22. g4 {[%emt 0:04:23]} Ne3 {[%emt 0:12:08]} 23. Bxe6 {[%emt 0:01:58]} Rxd1 {[%emt 0:00:06]} 24. Bxc8 {[%emt 0:00:03]} Qd5+ {[%emt 0:00:07]} 25. Qf3 {[%emt 0:01:59]} Rxe1 {[%emt 0:00:33]} 26. Qxd5 {[%emt 0:00:05]} Rxf1+ {[%emt 0:00:06]} 27. Kh2 {[%emt 0:00:02]} Nxd5 {[%emt 0:00:05]} 0-1

[Event "Uralsk-ch Men 2019"]
[Site "Khanty-Mansiysk"]
[Date "2019.03.14"]
[Round "3.1"]
[White "Pridorozhni, Aleksei"]
[Black "Aleksander, Sergeyev"]
[Result "1-0"]
[WhiteElo "2593"]
[BlackElo "2397"]
[Annotator "TA"]
[PlyCount "63"]
[EventDate "2019.03.12"]
[EventType "swiss"]
[EventCountry "RUS"]
[SourceTitle "playchess.com"]
[Source "ChessBase"]
[SourceQuality "1"]

{[%evp 9,63,31,31,23,32,0,41,24,39,35,26,0,0,0,0,0,0,0,0,2,11,-6,25,29,12,11,22,17,70,62,63,79,140,136,152,152,159,131,133,141,146,110,93,91,118,115,112,121,242,117,498,515,923,918,873,848]} 1. d4 Nf6 2. Nf3 d5 3. c4 c6 4. e3 g6 5. Be2 Bg7 6. O-O {D70: Grünfeld: Unusual White 3rd moves (met by ...d5)} O-O 7. a4 $146 ({Predecessor:} 7. cxd5 cxd5 8. b4 Bg4 9. Bb2 Nbd7 10. Nbd2 e6 11. a4 Qe7 12. h3 Bxf3 13. Bxf3 {0-1 (43) Lysyj,I (2668)-Artemiev,V (2669) Sochi 2016}) 7... Na6 8. cxd5 {White is slightly better.} Nxd5 9. e4 Ndb4 10. Nc3 Bg4 11. Be3 Qa5 12. Nd2 Bxe2 13. Qxe2 Nc7 14. Nc4 Qa6 15. a5 Nc2 16. Qxc2 {aiming for Qb3.} Qxc4 17. Ra4 $36 {[%mdl 2048] Black is under pressure.} Qe6 18. Rb4 Qc8 (18... Rfb8 $11) 19. Qb3 $14 Rd8 20. Rd1 Ne6 {[#]} (20... e6 $142) 21. d5 $1 $16 {[%cal Rd5e6]} ({But not} 21. Rxb7 $6 Bxd4 22. Rxe7 Rb8 $11) 21... cxd5 22. Nxd5 ({Don't do} 22. Rxd5 $6 b6 $11) 22... Rd7 23. Rc1 Qb8 24. g3 h5 25. a6 {[%cal Ra6b7]} b6 26. Rbc4 Qe5 27. Rc8+ Rxc8 28. Rxc8+ Kh7 {[#]} (28... Nf8 $16 {was necessary.}) 29. Qb5 (29. Qa4 $1 $18 {[%cal Ra4d7] and the rest is easy.} Qd6 30. Rc6) 29... Rd6 $2 {[%mdl 8192]} (29... Qd6 $16) 30. Qe8 $18 {[%csl Gc8][%cal Re8g8][%mdl 64] Double Attack. White is clearly winning.} Nf8 (30... g5 $142 31. Qxf7 Qxe4) 31. Qxf7 Qxe4 32. Nc3 {Accuracy: White = 65%, Black = 43%.} 1-0

[Event "Uralsk-ch Men 2019"]
[Site "Khanty-Mansiysk"]
[Date "2019.03.14"]
[Round "3.2"]
[White "Savitskiy, Sergey"]
[Black "Iljiushenok, Ilia"]
[Result "1/2-1/2"]
[WhiteElo "2401"]
[BlackElo "2524"]
[Annotator "TA"]
[PlyCount "113"]
[EventDate "2019.03.12"]
[EventType "swiss"]
[EventCountry "RUS"]
[SourceTitle "playchess.com"]
[Source "ChessBase"]
[SourceQuality "1"]

{[%evp 9,113,0,29,29,35,27,31,36,32,36,32,26,26,27,44,18,28,28,18,33,20,0,-10,-12,-8,-50,0,-4,-4,-7,3,-3,-6,-25,-29,-32,-35,-27,-27,-33,-33,-36,0,0,0,0,0,0,0,0,0,0,0,0,6,0,0,0,0,0,14,16,26,19,45,42,37,39,34,33,37,33,45,39,130,118,130,104,114,121,100,127,96,83,106,117,131,131,131,91,110,110,103,100,109,100,105,0,77,0,0,0,0,0,0,0]} 1. e4 c6 2. d4 d5 3. e5 c5 4. dxc5 e6 5. a3 (5. Nf3 Bxc5 6. a3 Ne7 7. Bd3 Ng6 8. O-O O-O 9. Nbd2 Nc6 10. b4 Bb6 11. Bxg6 fxg6 12. Nb3 Bd7 13. Re1 {1-0 (29) Anand,V (2773)-Mamedyarov,S (2817) Wijk aan Zee 2019}) 5... Nc6 6. Nf3 {B12: Caro-Kann: Advance Variation} Bxc5 7. b4 Bb6 8. Bb2 {White is slightly better.} Nge7 9. Bd3 Ng6 10. O-O Nf4 11. c4 O-O 12. Qd2 (12. Nc3 {with more complications.} a6 13. Re1 Ne7 14. cxd5 Nxd3 15. Qxd3 Nxd5 16. Red1) 12... Nxd3 13. Qxd3 dxc4 14. Qxc4 Qd5 $146 15. Qg4 Qb3 16. Bc1 {Black must now prevent Bh6.} Qc2 $36 {[%mdl 2048] Black fights for an advantage.} 17. Nbd2 Qf5 (17... Bc7 {looks sharper.} 18. Nc4 b5 19. Nd6 Nxe5 20. Nxe5 Bxd6 21. Bf4 Qf5) 18. Qxf5 exf5 19. Nc4 Be6 20. Nxb6 axb6 21. Be3 b5 22. Nd4 Nxd4 23. Bxd4 Rfd8 24. Rfd1 Bb3 25. Rd3 Rac8 26. Rxb3 {And now Rd3 would win.} Rxd4 $11 {[%mdl 4096] Endgame KRR-KRR} 27. Re1 Kf8 28. Rh3 Kg8 29. Rf3 g6 30. g3 Rc6 31. Rfe3 f4 32. Rf3 g5 33. Kg2 Kg7 34. h4 h6 35. gxf4 gxf4 36. h5 Kf8 37. Kh3 Ke7 38. Kg4 Rc2 39. Kf5 Rdd2 40. Rf1 Re2 41. Rxf4 Rc3 (41... Red2 $14) 42. Rd4 Rf3+ 43. Kg4 Rxa3 44. f4 {Rc1 is the strong threat.} Rg2+ 45. Kf5 {Strongly threatening Rc1.} Rh3 46. Rc1 {White threatens Rc7+ and mate.} Rxh5+ 47. Ke4 Re2+ 48. Kf3 {[%mdl 1024] White has strong compensation.} Rhh2 49. Rc7+ {[%mdl 64] Double Attack} Ke8 {[#]} 50. Kg4 $1 ({Much weaker is} 50. Rxb7 $6 h5 $11) 50... Reg2+ 51. Kf5 Rh5+ 52. Ke4 {Hoping for Rdd7.} Re2+ 53. Kf3 Rhh2 {[#]} 54. Rdd7 ({Reject} 54. Rxb7 h5 $11) (54. Rc8+ $1 $16 Ke7 55. Rc7+ Ke8) 54... h5 $1 {The position is equal.} 55. Re7+ Kd8 56. Rcd7+ Kc8 57. Rc7+ {Accuracy: White = 78%, Black = 75%.} 1/2-1/2

[Event "Uralsk-ch Men 2019"]
[Site "Khanty-Mansiysk"]
[Date "2019.03.14"]
[Round "3.3"]
[White "Drygalov, Andrey"]
[Black "Postnikov, Daniil"]
[Result "1/2-1/2"]
[WhiteElo "2491"]
[BlackElo "2382"]
[Annotator "TA"]
[PlyCount "145"]
[EventDate "2019.03.12"]
[EventType "swiss"]
[EventCountry "RUS"]
[SourceTitle "playchess.com"]
[Source "ChessBase"]
[SourceQuality "1"]

{[%evp 13,145,32,43,27,22,10,35,18,28,0,0,0,31,24,35,10,23,28,33,30,32,10,31,0,-8,-12,31,0,32,19,27,42,80,89,104,48,64,64,69,61,52,52,46,30,23,37,35,47,52,0,50,7,14,0,79,14,2,0,0,-61,-53,-53,-53,-97,-61,-63,-69,-65,-55,-68,0,0,0,0,0,0,22,0,0,-118,-116,-116,-109,-113,-111,-114,-114,-114,-106,-109,-111,-109,-109,-109,-95,-162,-47,-47,-47,-47,-8,-16,-16,-83,-84,-84,-8,-8,-8,-8,-8,-8,-8,-8,0,-8,-8,-8,-8,-8,-8,-8,-8,-8,-8,-8,-8,-8,-8,-8,-8,-8,0,-8]} 1. e4 e5 2. Nf3 Nc6 3. Bc4 Nf6 4. d3 Be7 5. O-O O-O 6. Re1 d6 7. a4 h6 8. a5 {C55: Two Knights: 4 d3, 4 d4 exd4 5 e5 and Max Lange Attack} (8. c3 a6 9. Nbd2 Be6 10. Qc2 Qd7 11. b4 Nh7 12. Bxe6 fxe6 13. Bb2 b6 14. b5 axb5 15. axb5 Na5 16. c4 {½-½ (54) So,W (2812)-Ivanchuk,V (2738) Leuven 2017}) 8... a6 9. Nc3 Re8 10. Nd5 {White is slightly better.} Bf8 $146 ({Predecessor:} 10... Nxd5 11. Bxd5 Bf6 12. c3 Ne7 13. Ba2 c5 14. Nd2 Be6 15. Nc4 Ng6 {½-½ (68) Jovanovic,Z (2520)-Meszaros,M (2393) Chur 2010}) 11. c3 Nxd5 12. Bxd5 Ne7 (12... Nxa5 $5 13. Rxa5 c6 14. Bxf7+ Kxf7 $11) 13. Bc4 Ng6 14. h3 c6 15. Qb3 Qc7 16. Be3 Be6 17. Bxe6 Rxe6 18. Nh2 Qd7 19. Nf1 Nh4 20. Ng3 Rg6 21. Qd1 Kh7 22. d4 Qe6 23. dxe5 dxe5 24. Qc2 (24. Bb6 $16) 24... Be7 25. Rad1 Rd8 26. b4 Rxd1 27. Rxd1 Qc4 28. Qd3 (28. Rd2 {looks sharper.} Kg8 29. Qc1 c5 30. Rd7 Bf8 31. Qd1) 28... Qb3 29. Qd7 Bg5 30. Bxg5 Rxg5 31. Qd2 (31. Qd3 $14) 31... f6 32. Qc1 h5 33. Rd7 Qa2 {[#]} (33... c5 $11) 34. Rd2 (34. Qd2 $1 $16 {[%cal Rd2a2]} Qb1+ 35. Kh2 Nxg2 36. Kxg2) 34... Qc4 $1 $11 35. Rd7 Ng6 36. Qe3 (36. Rxb7 Nf4 $17) (36. Qc2 $1 $11) 36... Nf4 $15 {Threatens to win with ...h4.} 37. h4 Rg4 38. Qe1 c5 {And now ...cxb4 would win.} 39. Rd1 $1 Qb5 ({Much weaker is} 39... Rxh4 $6 40. f3 $16) 40. Rd6 $1 Qa4 {Hoping for ...Qb3.} ({Weaker is} 40... Rxh4 41. f3 $16) 41. Rd1 $1 c4 ({Reject} 41... Rxh4 $6 42. f3 $14) ({Black should play} 41... Qc6 $15) 42. Qd2 $11 Qb3 43. Re1 Nd3 44. Rd1 g6 45. Nf1 Rxh4 {Strongly threatening ...Qxd1!} 46. f3 {[#]} (46. g3 $1 $11 Rg4 47. f3) 46... Qxd1 $1 {[%mdl 512]} 47. Qxd1 Rh1+ $1 {[%mdl 64] Deflection, Decoy} 48. Kxh1 Nf2+ {[%mdl 64] Double Attack} 49. Kg1 Nxd1 $17 {[%mdl 4096] Endgame KN-KN} 50. Nd2 Nxc3 51. Nxc4 Na2 52. Nd6 {intending b5.} Nxb4 53. Nxb7 Kh6 54. Nc5 {[#]} (54. Kf2 $17) 54... h4 (54... Kg7 $1 $19 55. Kf2 Kf7) 55. Kh2 $15 Kh5 56. Kh3 f5 57. exf5 gxf5 58. g3 (58. Kh2 $1 $11) 58... hxg3 $17 59. Kxg3 Kg5 (59... Kg6 $17 60. Nd7 Nc6) 60. f4+ $1 $11 {The position is equal.} exf4+ 61. Kf3 Nc6 62. Nxa6 Ne5+ 63. Kf2 Nc6 64. Nc5 Nxa5 65. Kf3 Nc4 {aiming for ...Nd2+.} 66. Ne6+ Kf6 67. Nxf4 Ne5+ 68. Ke3 Kg5 69. Nh3+ Kg4 {( -> ...Nc4+)} 70. Nf2+ Kg3 {White must now prevent ...Ng4+.} 71. Nh1+ Kg2 {Black wants to play ...Ng6.} 72. Kf4 {[%mdl 64] Double Attack} Kxh1 73. Kxf5 {Accuracy: White = 55%, Black = 51%.} 1/2-1/2

[Event "Uralsk-ch Men 2019"]
[Site "Khanty-Mansiysk"]
[Date "2019.03.14"]
[Round "3.4"]
[White "Yaroslav, Remizov"]
[Black "Drygalov, Sergey"]
[Result "0-1"]
[WhiteElo "2389"]
[BlackElo "2453"]
[Annotator "TA"]
[PlyCount "92"]
[EventDate "2019.03.12"]
[EventType "swiss"]
[EventCountry "RUS"]
[SourceTitle "playchess.com"]
[Source "ChessBase"]
[SourceQuality "1"]

{[%evp 23,92,22,46,17,22,0,0,0,0,0,0,0,0,-62,-63,-80,-14,-95,-91,-85,-50,-51,-50,-47,-50,-150,0,0,0,-41,0,0,0,-68,-63,-66,-73,-77,-77,-158,-133,-156,-157,-146,-149,-479,-427,-898,-901,-1064,-1056,-1033,-827,-815,-789,-737,-563,-554,-543,-599,-614,-814,-803,-797,-777,-986,-773,-752,-748,-999,-983]} 1. e4 c5 2. Nf3 d6 3. d4 cxd4 4. Nxd4 Nf6 5. Nc3 a6 6. Be3 e5 7. Nb3 Be6 8. f3 Nbd7 9. g4 Be7 10. Qd2 O-O 11. g5 Nh5 12. O-O-O b5 13. Kb1 {B90: Sicilian Najdorf: Unusual White 6th moves, 6 Be3 Ng4 and 6 Be3 e5} Nb6 14. Nd5 Nxd5 15. exd5 {The position is equal.} Bf5 (15... Bd7 16. Na5 Rc8 17. Bd3 Qc7 18. Rhg1 f5 19. gxf6 Bxf6 20. Nc6 Kh8 {1-0 (47) Wang,H (2730)-Najer,E (2670) St Petersburg 2018}) 16. Na5 f6 {[%cal Rf6g5]} 17. Nc6 Qd7 18. Rg1 (18. h4 $11) 18... fxg5 $15 19. Bxg5 {[#]} Bf6 $146 (19... Bxg5 $17 20. Qxg5 Qf7) ({Predecessor:} 19... Bxg5 20. Qxg5 Qf7 {½-½ (48) Schneider,W (2514)-Loinjak,S (2530) ICCF email 2015}) 20. Bxf6 (20. Be3 $11) 20... Rxf6 $17 21. Qa5 Rff8 22. a4 bxa4 23. Qxa4 Nf4 24. Bxa6 (24. Qa5 $15) 24... Ne2 (24... Qc7 $1 $17 {Threatens to win with ...Bc8.} 25. Qc4 Qb6) 25. Rge1 $1 $11 {[%cal Re1e2]} Nf4 26. Qb5 Rf7 {[%mdl 1024] Black has compensation.} 27. Re3 Bg6 28. Rb3 (28. Ra3 $11) 28... Qh3 $36 {[%mdl 2048] Black has the initiative.} ({Much worse is} 28... Qf5 $6 29. Qb8+ $1 {[%mdl 512]} Rxb8 30. Rxb8+ Rf8 31. Ne7+ Kh8 32. Nxf5 $14) 29. Rd2 Qh4 {Strongly threatening ...Qe1+.} 30. Qf1 Nh3 31. Rb4 (31. Ra3 $142) 31... Qh6 32. Rg2 {[#]} Nf4 $1 {[%cal Rf4g2]} 33. Rd2 {[#]} e4 $1 {[%cal Re4e3][%mdl 512] Hoping for ...e3.} 34. Rb7 $2 {[%mdl 8192]} (34. Qe1 $17) (34. fxe4 Nxd5) 34... e3 $19 {Black is clearly winning.} 35. Rd4 (35. Re2 $142 Rxa6 36. Rb8+ Rf8 37. Ne7+ Kf7 38. Rxf8+ Kxf8 39. Rxe3) 35... Qxh2 36. Nb4 Rxb7 37. Bxb7 Re8 38. Ba6 e2 39. Bxe2 Qxe2 40. Qxe2 Nxe2 41. Rc4 h5 42. Na6 Ng1 43. b4 Nxf3 44. Kb2 Ne5 45. Rd4 Rc8 46. c3 Bd3 {Accuracy: White = 29%, Black = 79%.} 0-1

[Event "Uralsk-ch Men 2019"]
[Site "Khanty-Mansiysk"]
[Date "2019.03.14"]
[Round "3.5"]
[White "Aleksander, Gutenev"]
[Black "Oleg, Loskutov"]
[Result "1-0"]
[WhiteElo "2452"]
[BlackElo "2380"]
[Annotator "TA"]
[PlyCount "63"]
[EventDate "2019.03.12"]
[EventType "swiss"]
[EventCountry "RUS"]
[SourceTitle "playchess.com"]
[Source "ChessBase"]
[SourceQuality "1"]

{[%evp 9,63,4,26,22,39,39,34,38,37,28,26,15,68,57,79,31,64,12,9,0,0,0,86,46,35,40,50,50,71,66,66,29,103,108,113,85,106,112,70,94,212,240,249,231,281,268,568,568,557,560,545,543,578,586,601,585]} 1. e4 c5 2. Nc3 d6 3. d4 cxd4 4. Qxd4 Nc6 5. Qd2 g6 6. b3 {B23: Closed Sicilian: Lines without g3} Bg7 7. Bb2 $1 Nf6 8. O-O-O {White is slightly better.} O-O 9. f3 Qa5 10. Kb1 e5 (10... h5 $11) 11. g4 $146 ({Reject} 11. Qxd6 Rd8 $15) ({Predecessor:} 11. Nge2) 11... Rd8 12. Bc4 Be6 13. Bxe6 (13. Bd5 $14) 13... fxe6 $11 14. Nge2 Rac8 15. h4 Nd4 (15... d5 $1 $11) 16. Nxd4 exd4 17. Ne2 {[%mdl 64] Discovered Attack} Qxd2 18. Rxd2 e5 19. c3 $36 {[%mdl 2048] White has good play.} d5 20. g5 {[%cal Bg4g5,Bg5f6][%mdl 32]} dxe4 (20... Nh5 $11 {remains equal.}) 21. gxf6 $16 Bh6 22. Rdd1 d3 {[#]} 23. Nc1 $1 d2 24. Ne2 $1 ({Much worse is} 24. fxe4 dxc1=Q+ 25. Bxc1 Rxd1 $11) 24... e3 (24... exf3 $16 {is a better defense.} 25. Ng3 Bf4) 25. h5 $18 Bf4 26. hxg6 hxg6 27. c4 Rf8 $2 (27... g5 28. Kc2 b5) 28. Nxf4 {White is clearly winning.} exf4 {[#]} 29. Rh8+ $1 {[%mdl 512]} Kf7 (29... Kxh8 30. f7+) 30. Rh7+ Ke6 31. Re7+ Kd6 32. Be5+ {[%mdl 64] Double Attack. Accuracy: White = 77%, Black = 37%.} 1-0

[Event "Uralsk-ch Men 2019"]
[Site "Khanty-Mansiysk"]
[Date "2019.03.14"]
[Round "3.6"]
[White "Popov, Mikhail"]
[Black "Kabanov, Nikolai"]
[Result "1/2-1/2"]
[WhiteElo "2381"]
[BlackElo "2447"]
[Annotator "TA"]
[PlyCount "126"]
[EventDate "2019.03.12"]
[EventType "swiss"]
[EventCountry "RUS"]
[SourceTitle "playchess.com"]
[Source "ChessBase"]
[SourceQuality "1"]

{[%evp 9,126,0,0,-29,-25,-26,-33,-31,-35,-42,-40,-33,-33,-33,-24,-26,-30,-31,40,12,33,0,0,-83,-77,-106,-106,-106,-103,-93,-89,-111,-112,-106,-106,-116,-56,-64,-68,-70,-70,-70,-25,-25,-2,-47,-28,-77,-78,-126,-128,-125,-93,-90,-90,-89,-91,-75,-8,-8,0,-14,-19,-15,-15,-16,-17,-65,-78,-96,-27,-56,-46,-52,-9,-52,-66,-59,-56,-68,-72,-57,-64,-100,0,-36,0,0,0,-33,0,-41,0,0,0,0,0,-8,0,0,0,0,0,0,0,0,0,0,0,-10,-9,-28,-10,-12,0,0,0,0,0]} 1. e4 c5 2. Nc3 Nc6 3. Bb5 Nd4 4. Nf3 e6 5. Ba4 (5. O-O a6 6. Bd3 Nc6 7. a3 g5 8. b4 g4 9. Ne1 Nf6 10. Bb2 Rg8 11. b5 Ne5 12. Be2 d6 13. d4 cxd4 14. Qxd4 {1-0 (35) Guseinov,G (2664)-Ivanisevic,I (2603) Skopje 2018}) 5... Qa5 6. Rb1 {B30: Sicilian: 2...Nc6 3 Bb5, lines without ...g6} b5 $146 ({Predecessor:} 6... Be7 7. O-O a6 8. d3 b5 9. Bb3 Nxb3 10. axb3 Bb7 11. Bf4 Nf6 12. Re1 d6 {0-1 (70) Baer,W (2280)-Bronsdijk,L (2272) IECG email 1999}) 7. Nxd4 cxd4 8. b4 {Black is slightly better.} Qa6 9. Nxb5 (9. Bxb5 $2 Qb7 $19) 9... Qxa4 {[%mdl 64] Double Attack} 10. Nc7+ Kd8 11. Nxa8 Bb7 12. d3 Bxa8 13. O-O Nf6 (13... Qxa2 $2 14. Ra1 $1 $18 {[%mdl 512]}) (13... Bxb4 14. Qg4 $16) ({Better is} 13... Ne7 $15) 14. Rb3 Bd6 (14... Bxb4 15. c3 $1 $16 {[%mdl 512]}) 15. Bb2 e5 (15... Qxa2 $6 16. Qd2 $16) (15... Bxb4 $6 16. Bxd4 Bd6 17. Qa1 $16) 16. Ra3 (16. Qc1 $11) 16... Qxb4 $17 17. Rxa7 Bc6 $36 {[%mdl 2048] White is under strong pressure.} 18. Ba3 Qb6 {Strongly threatening ...Bb8.} 19. Bxd6 Qxa7 20. Qd2 {[#] And now Rb1 would win.} Ne8 $1 {[%cal Re8d6]} ({Worse is} 20... Qxa2 21. Qb4 Qa7 22. Rb1 Bb7 23. Qxb7 Qc5 24. Qb8+ Qc8 25. Qxc8+ Kxc8 26. Rb8#) 21. Bxe5 f6 22. Bg3 Nc7 ({Black should play} 22... h5 $17 23. f4 Qxa2) 23. Qb4 $1 $15 Nb5 24. a4 Nc3 25. Bd6 $1 Re8 (25... Nxa4 $2 26. Rb1 $18) 26. Kh1 Kc8 ({But not} 26... Bxa4 $2 27. Bc5 $18) ({Not} 26... Nxa4 27. Rb1 Nb2 28. Qxb2 Bb5 29. Qxb5 Qc7 30. Qb8+ Qc8 31. Qxc8+ Kxc8 32. Rb8#) 27. Ra1 Re6 28. Bc5 Qb8 29. Qc4 Qb2 {[%cal Rb2a1]} 30. Re1 Nxa4 31. Bxd4 Qb5 32. Qa2 Qb4 {[%cal Rb4e1]} 33. Qa1 f5 (33... Rd6 $17 34. Be3 Qc3) 34. Rb1 $11 Qa5 35. Qa3 d6 36. Qb3 Kd7 37. f3 g5 38. exf5 Qxf5 39. Qb8 {[#] Intending Qa7+ and mate.} Qa5 (39... Re2 $1 $17 40. Qa7+ Ke6) 40. Qg8 Re1+ 41. Rxe1 Qxe1+ 42. Bg1 Qe7 43. c4 Nc3 {Hoping for ...Ne2.} 44. d4 d5 {...dxc4 is the strong threat.} 45. c5 Ne2 46. Bf2 Nf4 (46... Kc7 $17 47. h3 Kb7) 47. Qb8 Ke6 48. Qg8+ Kd7 49. Qb8 h6 50. h3 Qf6 51. Bg3 Ke7 52. Qc7+ Kf8 53. Qb8+ Kg7 54. Qc7+ Kg6 55. Qc8 h5 {[#]} 56. h4 $1 {[%mdl 512]} Qe6 (56... gxh4 57. Bxf4) 57. Qd8 Qf6 58. Qg8+ Qg7 $1 {[%cal Rg7g8]} 59. Qd8 Ne6 60. Qd6 Qd7 {White must now prevent ...Qxd6.} 61. Qe5 {The position is equal.} Bb5 62. hxg5 Nxg5 63. Qb8 Ne6 {Accuracy: White = 59%, Black = 59%.} 1/2-1/2

[Event "Uralsk-ch Men 2019"]
[Site "Khanty-Mansiysk"]
[Date "2019.03.15"]
[Round "4.1"]
[White "Radzhabov, Rodion"]
[Black "Pridorozhni, Aleksei"]
[Result "0-1"]
[WhiteElo "2366"]
[BlackElo "2593"]
[Annotator "TA"]
[PlyCount "76"]
[EventDate "2019.03.15"]
[EventType "swiss"]
[EventCountry "RUS"]
[SourceTitle "playchess.com"]
[Source "ChessBase"]
[SourceQuality "1"]

{[%evp 9,76,26,40,38,35,11,15,4,0,0,8,0,38,15,20,15,20,20,16,6,11,6,11,6,15,-10,-7,-10,-7,-6,-5,-5,-5,-11,-5,-7,-5,-10,-12,-8,0,0,0,-1,-4,-9,-9,-10,-14,-19,0,0,-5,-20,-20,-20,-20,-31,-28,-33,-12,-32,-33,-63,-72,-404,-231,-547,-581]} 1. e4 c6 2. Nc3 d5 3. d4 dxe4 4. Nxe4 Nd7 5. Bd3 Ngf6 6. Nxf6+ {B17: Caro-Kann: Modern Line (4...Nd7)} (6. Ng5 e6 7. N1f3 Bd6 8. Qe2 h6 9. Ne4 Nxe4 10. Qxe4 Nf6 11. Qe2 b6 12. O-O O-O 13. Ne5 Qc7 14. Bf4 Bb7 15. Rad1 Rad8 16. Bg3 c5 17. dxc5 Qxc5 18. Ng4 Nh5 19. Bxd6 Rxd6 {1-0 (48) Smirnov,A (2549)-Le,Q (2715) chess.com INT 2018}) 6... Nxf6 7. Ne2 (7. Nf3 {with more complications.} Bg4 8. Be3 e6 9. O-O Bd6 10. h3) 7... Bf5 8. O-O {The position is equal.} Bxd3 9. Qxd3 e6 10. c4 g6 $146 ({Predecessor:} 10... Bd6 11. b3 O-O 12. Bb2 Qa5 13. Bc3 Bb4 14. Rad1 Rad8 15. Bxb4 Qxb4 16. Qd2 Qa3 17. Qc2 Qd6 18. Rfe1 {½-½ (21) Teuschler,H (2247)-Koch,H GER corr 1999}) 11. Bd2 Bg7 12. Bb4 a5 13. Ba3 Bf8 14. Bxf8 Kxf8 15. Rad1 Kg7 16. Nc3 Qc7 17. Ne4 Nxe4 18. Qxe4 Rhd8 19. Rd3 a4 20. Rfd1 Ra5 21. g3 Rf5 22. Kg2 h5 23. Rf3 Rxf3 24. Qxf3 $11 {[%mdl 4096] Endgame KQR-KQR} Qa5 25. Qc3 Ra8 26. Qxa5 Rxa5 {KR-KR} 27. Rd3 g5 28. h3 Kf6 29. Kf3 Rf5+ 30. Ke2 b5 31. cxb5 Rxb5 32. Rd2 h4 33. Kf3 Rb4 34. Ke3 Rc4 35. Kf3 Ke7 36. Ke3 Kd6 37. b3 $2 {[%mdl 8192]} (37. gxh4 $17 gxh4 38. Rd3) 37... axb3 (37... Rc3+ $142 38. Ke2 hxg3 39. fxg3 Rxg3 40. bxa4 Rxh3) 38. axb3 $2 {[#]} (38. gxh4 {was the crucial defense.} Rc3+ 39. Ke2) 38... Rc3+ $1 {Accuracy: White = 37%, Black = 81%.} 0-1